Preparedness against bioterrorism and re-emerging infectious diseases (Record no. 208707)
[ view plain ]
| 000 -LEADER | |
|---|---|
| fixed length control field | 01754nam a22003614a 4500 |
| 082 04 - DEWEY DECIMAL CLASSIFICATION NUMBER | |
| Classification number | 363.34/97 |
| 245 10 - TITLE STATEMENT | |
| Title | Preparedness against bioterrorism and re-emerging infectious diseases |
| 260 ## - PUBLICATION, DISTRIBUTION, ETC. (IMPRINT) | |
| Place of publication | Amsterdam : |
| Name of publisher | Burke, VA : |
| -- | IOS Press, |
| Year of publication | 2004. |
| 300 ## - PHYSICAL DESCRIPTION | |
| Number of Pages | xvii, 255 p. : |
| Other physical details | ill. |
| 490 1# - SERIES STATEMENT | |
| Series statement | NATO science series. Series I, Life and behavioural sciences, |
| 500 ## - GENERAL NOTE | |
| General note | Proceedings of the NATO Advanced Research Workshop on Preparedness Against Bioterrorism and Re-emerging Infectious Diseases, 15-18 January 2003, Warsaw, Poland -- T.p. verso. |
| 650 #0 - SUBJECT ADDED ENTRY--TOPICAL TERM | |
| Topical Term | Bioterrorism. |
| 700 1# - ADDED ENTRY--PERSONAL NAME | |
| Personal name | Kocik, Janusz. |
| Personal name | Janiak, Marek. |
| Personal name | Negut, Marian. |
| 856 40 - ELECTRONIC LOCATION AND ACCESS | |
| Uniform Resource Identifier | http://site.ebrary.com/lib/rucke/Doc?id=10116438 |
No items available.
